00578nam a2200121Ia 4500008004100000020001800041082001700059245009300076260004700169300001000216650014500226700008500371120629s9999 xx 000 0 und d a84-277-0827-0 a370.71 P466p aPerspectivas y problemas de la función docente / Aurelio Villa, Ray Bolam ... [et al.] aMadrid : II Congreso Mundial Vasco; Narcea a351 p a1. FORMACIÓN PROFESIONAL DE MAESTRO-CONGRESOS \ 2. PORCENTAJE DE PROFESORES-CONGRESOS \ 3. EDUCACIÓN-ESTUDIOS INTERCULTURALES-CONGRESOS aVilla, Aurelio ; coord. \ Bolam Ray ; coord. \ Esteve, José Manuel ; coord.Ì